[Event "Top Loire 2015-2016"]
[Site "Loire"]
[Date "2016.01.23"]
[Round "4.4"]
[White "Garon, Pierre"]
[Black "Allabrune, Guillaume"]
[Result "1-0"]
[WhiteElo "1871"]
[BlackElo "1557"]
[EventDate "2016.??.??"]
[PlyCount "75"]

1. d4 d5 2. Nf3 Bf5 3. Bf4 Nf6 4. e3 e6 5. c4 Bxb1 6. Rxb1 Bb4+ 7. Ke2 O-O
8. c5 c6 9. Qb3 Na6 10. a3 Bxc5 11. dxc5 Nxc5 12. Qc2 Nce4 13. Nd2 Qa5 14.
 f3 Nxd2 15. Qxd2 Qxd2+ 16. Kxd2 Rfd8 17. Bd3 c5 18. b3 a6 19. Rhc1 Rac8 
20. a4 c4 21. Be2 b5 22. axb5 axb5 23. Bg5 h6 24. Bxf6 gxf6 25. Kc3 Rb8 
26. b4 Ra8 27. Ra1 e5 28. Ra5 d4+ 29. exd4 exd4+ 30. Kd2 Rxa5 31. bxa5 Ra8
32. Ra1 Kf8 33. f4 Ke7 34. Bf3 Ra7 35. a6 Kd6 36. Bb7 Kc5 37. g4 Kb4 38. 
h4 1-0

[Event "Top Loire 2015-2016"]
[Site "Loire"]
[Date "2016.01.23"]
[Round "4.5"]
[White "Carrot, Patrick"]
[Black "Deville, Olivier"]
[Result "0-1"]
[WhiteElo "1799"]
[BlackElo "1859"]
[EventDate "2016.??.??"]
[PlyCount "42"]

1. e4 c5 2. Nf3 d6 3. d4 cxd4 4. Nxd4 Nf6 5. Nc3 Nc6 6. Be2 e5 7. Nb3 Be7 
8. O-O O-O 9. Be3 a5 10. a3 a4 11. Nc1 Be6 12. f4 d5 13. f5 d4 14. fxe6 
fxe6 15. Bc4 dxc3 16. Bxe6+ Kh8 17. bxc3 Nxe4 18. Nd3 Rxf1+ 19. Qxf1 Nxc3 
20. Qf5 Nd4 21. Qxe5 Bf6 0-1

[Event "Top Loire 2015-2016"]
[Site "Loire"]
[Date "2016.01.23"]
[Round "4.6"]
[White "Andre, Gregory"]
[Black "Aumont-Mathieu, Georges"]
[Result "1/2-1/2"]
[WhiteElo "1775"]
[BlackElo "1715"]
[EventDate "2016.??.??"]
[PlyCount "36"]

1. Nf3 Nf6 2. c4 e6 3. g3 b6 4. Bg2 Bb7 5. O-O Be7 6. d4 O-O 7. Nbd2 c5 8.
 e3 Na6 9. a3 Nc7 10. b3 d6 11. Qc2 Nd7 12. Ng5 Bxg5 13. Bxb7 Rb8 14. Bg2 
Bf6 15. Bb2 d5 16. Rac1 Qe7 17. e4 dxe4 18. Nxe4 Bxd4 1/2-1/2

[Event "Top Loire 2015-2016"]
[Site "Loire"]
[Date "2016.01.23"]
[Round "4.7"]
[White "Samuel, Christian"]
[Black "Bourrat, Nicolas"]
[Result "1-0"]
[WhiteElo "1827"]
[BlackElo "1793"]
[EventDate "2016.??.??"]
[PlyCount "49"]

1. d4 d5 2. Nf3 Nf6 3. c4 c6 4. Nc3 e6 5. e3 a6 6. Qc2 dxc4 7. Bxc4 b5 8. 
Bd3 Bb7 9. Bd2 Nbd7 10. e4 c5 11. d5 exd5 12. e5 Ne4 13. Nxe4 dxe4 14. 
Bxe4 Bxe4 15. Qxe4 c4 16. O-O Nc5 17. Qc6+ Nd7 18. e6 fxe6 19. Qxe6+ Be7 
20. Rfe1 Kf8 21. Rad1 Qe8 22. Ng5 Nf6 23. Bc3 Rd8 24. Rxd8 Bxd8 25. Bb4+ 
1-0

[Event "Top Loire 2015-2016"]
[Site "Loire"]
[Date "2016.01.23"]
[Round "4.8"]
[White "Philip, Sylvain"]
[Black "Bragado, Kevin"]
[Result "1-0"]
[WhiteElo "1744"]
[BlackElo "1680"]
[EventDate "2016.??.??"]
[PlyCount "49"]

1. e4 c5 2. Nf3 d6 3. d4 cxd4 4. Nxd4 Nf6 5. Nc3 a6 6. h3 b5 7. g4 Bb7 8. 
Bg2 e6 9. O-O Be7 10. Re1 Qc7 11. Nd5 Nxd5 12. exd5 e5 13. Nf5 O-O 14. Be3
Re8 15. Nxe7+ Rxe7 16. Rc1 Nd7 17. b3 b4 18. Qd2 Nb6 19. c4 Nd7 20. c5 f5 
21. c6 Bc8 22. cxd7 Qxd7 23. gxf5 Qxf5 24. Qxb4 Qg6 25. Qh4 1-0

[Event "Top Loire 2015-2016"]
[Site "Loire"]
[Date "2016.01.23"]
[Round "4.9"]
[White "Doran, Niall"]
[Black "Carteron, Olivier"]
[Result "0-1"]
[WhiteElo "1682"]
[BlackElo "1537"]
[EventDate "2016.??.??"]
[PlyCount "68"]

1. e4 e5 2. Nf3 d6 3. d4 Nd7 4. Bc4 exd4 5. Nxd4 Ngf6 6. Nc3 Be7 7. O-O 
O-O 8. Qe2 c6 9. Bg5 h6 10. Bd2 Qc7 11. Nf5 Ne5 12. Bb3 b5 13. f4 Ng6 14. 
Rae1 b4 15. Nd1 Re8 16. Bxb4 Qb6+ 17. Kh1 Qxb4 18. Nxe7+ Rxe7 19. Nc3 Bg4 
20. Qd3 Rae8 21. a3 Qb8 22. e5 dxe5 23. Qxg6 exf4 24. Rxe7 Rxe7 25. Qd3 
Qe5 26. h3 Bf5 27. Qf3 g5 28. Qxc6 Kg7 29. Rd1 Nh5 30. Qf3 Ng3+ 31. Kh2 
Bg6 32. Qd5 Qxd5 33. Rxd5 Bh5 34. h4 Re1 0-1

[Event "Top Loire 2015-2016"]
[Site "Loire"]
[Date "2016.01.30"]
[Round "5.2"]
[White "Deville, Olivier"]
[Black "Garon, Pierre"]
[Result "1-0"]
[WhiteElo "1859"]
[BlackElo "1871"]
[EventDate "2016.??.??"]
[PlyCount "91"]

1. c4 e5 2. Nc3 Nf6 3. Nf3 Nc6 4. e3 d5 5. cxd5 Nxd5 6. Qc2 Nb6 7. Bb5 Bd7
8. O-O Bd6 9. Ne4 O-O 10. Neg5 g6 11. Be2 Re8 12. d3 Bf8 13. Bd2 Bg7 14. 
Rac1 Bf5 15. Ne4 Nd7 16. Qb3 Rb8 17. h3 Qe7 18. a3 Rec8 19. Qc2 h6 20. Nc5
Nxc5 21. Qxc5 Qd7 22. e4 Be6 23. b4 a6 24. Qc2 Kh7 25. Bc3 Rd8 26. Qb2 Qd6
27. a4 Nd4 28. Nxd4 exd4 29. Bd2 c6 30. f4 Rbc8 31. b5 axb5 32. axb5 c5 
33. f5 gxf5 34. exf5 Bd5 35. f6 Bxf6 36. Rf5 b6 37. Bf4 Qe6 38. Rh5 Bg7 
39. Bg4 Qe7 40. Bxc8 Rxc8 41. Rxd5 Qe6 42. Rd6 Qf5 43. Rf1 Qxd3 44. Qb1 
Qxb1 45. Rxb1 c4 46. Rc6 1-0

[Event "Top Loire 2015-2016"]
[Site "Loire"]
[Date "2016.02.06"]
[Round "5.3"]
[White "Imperiali, Joris"]
[Black "Cursoux, Gerard"]
[Result "0-1"]
[WhiteElo "1675"]
[BlackElo "1765"]
[EventDate "2016.??.??"]
[PlyCount "60"]

1. e4 c5 2. Nf3 d6 3. d4 cxd4 4. Qxd4 Bd7 5. Bc4 Nc6 6. Qd3 Nf6 7. Nc3 Na5
8. Bb3 Nxb3 9. axb3 g6 10. Be3 a6 11. Nd5 Nxd5 12. exd5 Bg7 13. Bd4 O-O 
14. Bxg7 Kxg7 15. h4 h5 16. Nh2 Qb6 17. g4 hxg4 18. O-O-O Rh8 19. Qg3 Rac8
20. Kb1 Bf5 21. Rd2 Qb4 22. Rhd1 Rc5 23. Re2 Rhc8 24. Rc1 Rxd5 25. f3 Rd2 
26. Qf2 g3 27. Qe1 Bxc2+ 28. Rxc2 Rcxc2 29. Rxd2 Qxd2 30. Qxd2 Rxd2 0-1

[Event "Top Loire 2015-2016"]
[Site "Loire"]
[Date "2016.02.06"]
[Round "5.4"]
[White "Tchalimian, Pascal"]
[Black "Furnon, Yannick"]
[Result "1-0"]
[WhiteElo "1913"]
[BlackElo "1880"]
[EventDate "2016.??.??"]
[PlyCount "115"]

1. e4 c6 2. d4 d5 3. e5 Bf5 4. Nf3 e6 5. Be2 Ne7 6. Nbd2 Bg6 7. Nb3 Nd7 8.
 O-O Nf5 9. c4 dxc4 10. Bxc4 Be7 11. a4 Nb6 12. Be2 Nd5 13. a5 O-O 14. g4 
Nh4 15. Nxh4 Bxh4 16. f4 f6 17. f5 exf5 18. gxf5 Be8 19. Nc5 fxe5 20. Ne6 
Qe7 21. Nxf8 Kxf8 22. Bc4 Bf7 23. b3 Kg8 24. Qg4 exd4 25. Bh6 Qf6 26. Bd2 
Ne3 27. Bxe3 dxe3 28. Bxf7+ Kxf7 29. Qc4+ Kf8 30. Qc5+ Qe7 31. Qxe7+ Kxe7 
32. Rf4 Bf2+ 33. Kf1 Rd8 34. Rb4 Rd7 35. Ke2 Kf6 36. Rd1 Re7 37. a6 b6 38.
 Rd6+ Kxf5 39. Rxc6 Bg1 40. Rb5+ Kg4 41. Rc4+ Kh3 42. Rh5+ Kg2 43. Rg4+ 
Kh1 44. Rxh7 Rc7 45. Rhxg7 Rc2+ 46. Kd3 Rd2+ 47. Kc3 Bf2 48. Re7 Ra2 49. 
Ra4 Rd2 50. h4 Rd5 51. Rae4 Kg2 52. R4e5 Rd8 53. Rxa7 Kf1 54. Rae7 Bxh4 
55. Re8 Bf6 56. Rxd8 e2 57. Kc2 Bxe5 58. Rf8+ 1-0

[Event "Top Loire 2015-2016"]
[Site "Loire"]
[Date "2016.02.06"]
[Round "5.5"]
[White "Aumont-Mathieu, Georges"]
[Black "Samuel, Christian"]
[Result "1-0"]
[WhiteElo "1715"]
[BlackElo "1827"]
[EventDate "2016.??.??"]
[PlyCount "83"]

1. e4 c5 2. c3 d5 3. exd5 Qxd5 4. d4 Nf6 5. Nf3 Nc6 6. Be3 cxd4 7. cxd4 
Bg4 8. Be2 e6 9. Nc3 Qd6 10. h3 Bh5 11. Qb3 Be7 12. Rd1 O-O 13. O-O Qb4 
14. Qc2 Rac8 15. a3 Qa5 16. Qb3 Rfd8 17. Qxb7 Rc7 18. Qb3 Rb8 19. Qc2 Rcb7
20. Bc1 Qc7 21. d5 Na5 22. dxe6 fxe6 23. Qa4 Be8 24. Qf4 Qc8 25. Ba6 Nc4 
26. Qxc4 Qxc4 27. Bxc4 Bf7 28. Ne5 Rb6 29. b3 Rc8 30. Be3 Rxb3 31. Bxb3 
Rxc3 32. Rb1 Bxa3 33. Bxa7 Ne4 34. Rfd1 Rc8 35. Nxf7 Kxf7 36. Rd7+ Kf6 37.
 Re1 Rc1 38. Rxc1 Bxc1 39. f3 Nd2 40. Ba2 h6 41. Bd4+ e5 42. Bc3 1-0

[Event "Top Loire 2015-2016"]
[Site "Loire"]
[Date "2016.02.06"]
[Round "5.6"]
[White "Allabrune, Guillaume"]
[Black "Philip, Sylvain"]
[Result "0-1"]
[WhiteElo "1557"]
[BlackElo "1744"]
[EventDate "2016.??.??"]
[PlyCount "62"]

1. e4 c5 2. Nf3 d6 3. d4 cxd4 4. Nxd4 Nf6 5. Nc3 a6 6. Be2 e6 7. O-O Be7 
8. f4 Qc7 9. Be3 Nbd7 10. Nf3 b5 11. Nd2 Bb7 12. Bf3 O-O 13. Rc1 b4 14. 
Na4 Rac8 15. c4 bxc3 16. Nxc3 Qb8 17. g4 Nc5 18. Qe2 d5 19. e5 Nfe4 20. 
Ndxe4 dxe4 21. Bg2 Rfd8 22. Kh1 Nd3 23. Rcd1 Bc6 24. b3 Qb7 25. Bg1 e3 26.
 Bxe3 Bxg2+ 27. Qxg2 Qxg2+ 28. Kxg2 Rxc3 29. Rd2 Rdc8 30. Kg1 Bc5 31. Bxc5
Nxc5 0-1

[Event "Top Loire 2015-2016"]
[Site "Loire"]
[Date "2016.02.06"]
[Round "5.7"]
[White "Andre, Gregory"]
[Black "Carrot, Patrick"]
[Result "1-0"]
[WhiteElo "1775"]
[BlackElo "1799"]
[EventDate "2016.??.??"]
[PlyCount "67"]

1. Nf3 f5 2. c4 Nf6 3. Nc3 e6 4. d4 Bb4 5. Qc2 b6 6. a3 Be7 7. g3 Bb7 8. 
Bg2 c5 9. O-O O-O 10. Rd1 cxd4 11. Nxd4 Qc8 12. Bxb7 Qxb7 13. Ndb5 Na6 14.
 Bf4 Nc5 15. Bd6 Bxd6 16. Nxd6 Qc6 17. f3 a6 18. Rd2 Nb7 19. Nxb7 Qxb7 20.
 Qb3 Rac8 21. Na4 Rc6 22. Rad1 Rfc8 23. c5 b5 24. Nb6 R8c7 25. Qe3 Kf8 26.
 b4 Qa7 27. g4 fxg4 28. fxg4 Nxg4 29. Qf3+ Nf6 30. Nxd7+ Ke7 31. Nxf6 gxf6
32. Qh5 e5 33. Qxh7+ Ke8 34. Rd8# 1-0

[Event "Top Loire 2015-2016"]
[Site "Loire"]
[Date "2016.02.06"]
[Round "5.9"]
[White "Bourrat, Nicolas"]
[Black "Doran, Niall"]
[Result "0-1"]
[WhiteElo "1793"]
[BlackElo "1682"]
[EventDate "2016.??.??"]
[PlyCount "110"]

1. d4 d5 2. Nf3 Nf6 3. Bf4 c5 4. c3 Bf5 5. Nbd2 Qb6 6. Qb3 c4 7. Qxb6 axb6
8. e3 e6 9. Be2 Nc6 10. Nh4 Bg6 11. Nxg6 fxg6 12. h3 b5 13. O-O Be7 14. f3
O-O 15. Bg3 Nh5 16. Bh2 b4 17. g4 Nf6 18. e4 b5 19. e5 Nd7 20. Rfd1 bxc3 
21. bxc3 b4 22. Nb1 bxc3 23. Nxc3 Bg5 24. Bg3 Nxd4 25. Rxd4 Be3+ 26. Bf2 
Bxd4 27. Bxd4 Nb8 28. Nb5 Nc6 29. Bc5 Rfc8 30. Bd6 Ra5 31. a4 Rca8 32. Nc7
Rxa4 33. Rxa4 Rxa4 34. Nxe6 d4 35. Nc5 Ra1+ 36. Kf2 Ra2 37. Kf1 d3 38. 
Bxd3 cxd3 39. Nxd3 Nd4 40. Ne1 Kf7 41. Bc5 Nc6 42. Nd3 Rc2 43. Nf2 Nxe5 
44. Kg2 Nd3 45. Be3 Re2 46. Bb6 Nxf2 47. Bxf2 Ke6 48. f4 Kd5 49. Kf3 Rc2 
50. h4 Rc3+ 51. Be3 h5 52. gxh5 gxh5 53. Ke2 Ke4 54. Bd2 Rc2 55. Kd1 Rxd2+
0-1

[Event "Top Loire 2015-2016"]
[Site "Loire"]
[Date "2016.04.30"]
[Round "6.1"]
[White "Muller, Anthony"]
[Black "Cursoux, Gerard"]
[Result "1-0"]
[WhiteElo "2231"]
[BlackElo "1788"]
[EventDate "2016.??.??"]
[PlyCount "45"]

1. d4 c5 2. d5 Nf6 3. c4 d6 4. Nc3 g6 5. e4 Bg7 6. h3 O-O 7. Bf4 Na6 8. 
Nf3 Nc7 9. Bd3 a6 10. O-O b5 11. e5 Nh5 12. Bh2 bxc4 13. Bxc4 dxe5 14. 
Nxe5 Bb7 15. d6 exd6 16. Nxf7 Rxf7 17. Bxf7+ Kh8 18. Bb3 Bd4 19. Qg4 Nb5 
20. Rad1 Qf8 21. Nxb5 axb5 22. Rxd4 cxd4 23. Qxd4+ 1-0

[Event "Top Loire 2015-2016"]
[Site "Loire"]
[Date "2016.04.30"]
[Round "6.2"]
[White "Tchalimian, Pascal"]
[Black "Deville, Olivier"]
[Result "1-0"]
[WhiteElo "1923"]
[BlackElo "1872"]
[EventDate "2016.??.??"]
[PlyCount "77"]

1. e4 c5 2. Nc3 Nc6 3. f4 e6 4. Nf3 d5 5. exd5 exd5 6. Bb5 Nf6 7. O-O Be7 
8. Ne5 Qd6 9. d3 O-O 10. Bxc6 bxc6 11. Re1 Re8 12. Bd2 Rb8 13. Rb1 Ba6 14.
 Na4 Nd7 15. Be3 Nxe5 16. Bxc5 Qf6 17. fxe5 Bxc5+ 18. Nxc5 Rxe5 19. Nxa6 
Rbe8 20. Rxe5 Qxe5 21. Qd2 Qd4+ 22. Qf2 Qa4 23. Nc5 Qxa2 24. Rf1 f6 25. 
Re1 Rxe1+ 26. Qxe1 h6 27. Qc1 Qa5 28. d4 Qb5 29. Kf2 Qb8 30. h3 Qb4 31. c3
Qb5 32. b3 Qb8 33. Qe3 Kh7 34. Kf3 Qh2 35. Qd3+ g6 36. Qe2 g5 37. Qe7+ Kg6
38. Qe8+ Kf5 39. g4# 1-0

[Event "Top Loire 2015-2016"]
[Site "Loire"]
[Date "2016.04.22"]
[Round "6.3"]
[White "Garon, Pierre"]
[Black "Aumont-Mathieu, Georges"]
[Result "1/2-1/2"]
[WhiteElo "1855"]
[BlackElo "1744"]
[EventDate "2016.??.??"]
[PlyCount "86"]

1. d4 Nf6 2. Nf3 e6 3. e3 c5 4. Bd3 Be7 5. O-O b6 6. Nbd2 Bb7 7. b3 d6 8. 
Bb2 Nbd7 9. Qe2 O-O 10. c4 Ne8 11. e4 cxd4 12. Nxd4 Bf6 13. Rfd1 Nc5 14. 
Nf1 g6 15. f3 a6 16. Ne3 e5 17. Ndc2 Ne6 18. Qe1 a5 19. Bf1 Qc7 20. Nd5 
Bxd5 21. Rxd5 Be7 22. Qe3 Nf6 23. Rb5 Nd7 24. Rd5 Nf6 25. Rdd1 Qc5 26. Kf2
Rfd8 27. Ba3 Qxe3+ 28. Kxe3 Nc5 29. Bb2 Ne8 30. g3 Nc7 31. Na3 N5e6 32. 
Rac1 Bg5+ 33. Kd3 Bxc1 34. Rxc1 Kf8 35. Bh3 Ke7 36. Nc2 Nc5+ 37. Ke2 b5 
38. Ne3 b4 39. Nc2 N7e6 40. Rb1 Rab8 41. Ke3 Rb7 42. f4 f6 43. f5 Nc7 
1/2-1/2

[Event "Top Loire 2015-2016"]
[Site "Loire"]
[Date "2016.04.30"]
[Round "6.4"]
[White "Philip, Sylvain"]
[Black "Imperiali, Joris"]
[Result "1-0"]
[WhiteElo "1728"]
[BlackElo "1661"]
[EventDate "2016.??.??"]
[PlyCount "63"]

1. e4 e5 2. Nf3 Nc6 3. Bb5 f5 4. d3 fxe4 5. dxe4 Nf6 6. O-O Bc5 7. Bg5 d6 
8. Nbd2 O-O 9. h3 Qe8 10. c3 Qg6 11. Bc4+ Kh8 12. Kh1 Nxe4 13. Nxe4 Qxe4 
14. Bd5 Qg6 15. Qe2 Bf5 16. Qd2 h6 17. Bh4 Bd3 18. Rfd1 e4 19. Ne1 Qh5 20.
 Nxd3 exd3 21. Bxc6 Qxh4 22. Bxb7 Rxf2 23. Qxd3 Raf8 24. b4 Bb6 25. a4 a5 
26. bxa5 Bxa5 27. c4 Rb2 28. Rab1 Ra2 29. Bc6 Bb6 30. Qg6 Qxc4 31. Bd5 Qc2
32. Be4 1-0

[Event "Top Loire 2015-2016"]
[Site "Loire"]
[Date "2016.04.30"]
[Round "6.5"]
[White "Frey, Thierry"]
[Black "Andre, Gregory"]
[Result "1-0"]
[WhiteElo "1878"]
[BlackElo "1793"]
[EventDate "2016.??.??"]
[PlyCount "65"]

1. e4 e6 2. Nf3 c5 3. d4 cxd4 4. Nxd4 a6 5. Nc3 Nc6 6. Be3 Bb4 7. Nxc6 
Bxc3+ 8. bxc3 bxc6 9. Qd6 Nf6 10. f3 Qe7 11. Bc5 Qxd6 12. Bxd6 Kd8 13. Rb1
Ne8 14. e5 Nxd6 15. exd6 h5 16. Kf2 h4 17. Be2 Rh5 18. c4 c5 19. f4 Rh6 
20. Bf3 Ra7 21. Rb6 e5 22. fxe5 Re6 23. Re1 f6 24. exf6 Rxf6 25. Kg1 g6 
26. Bd5 a5 27. Reb1 Ra6 28. Rxa6 Bxa6 29. Rb8+ Bc8 30. Bb7 Rxd6 31. Rxc8+ 
Ke7 32. Be4 Rd4 33. Bd3 1-0

[Event "Top Loire 2015-2016"]
[Site "Loire"]
[Date "2016.04.30"]
[Round "6.7"]
[White "Samuel, Christian"]
[Black "Carteron, Olivier"]
[Result "1-0"]
[WhiteElo "1823"]
[BlackElo "1585"]
[EventDate "2016.??.??"]
[PlyCount "49"]

1. d4 d5 2. Nf3 Nf6 3. c4 c6 4. Nc3 dxc4 5. a4 Bf5 6. e3 e6 7. Bxc4 Bb4 8.
 O-O O-O 9. Qb3 Qe7 10. h3 h6 11. Bd2 a5 12. Rfe1 Bxc3 13. bxc3 Qc7 14. 
Be2 Nbd7 15. c4 Ne4 16. Rac1 Ndf6 17. Red1 Rfd8 18. Be1 Rd7 19. Ne5 Rdd8 
20. f3 Nd6 21. e4 Bh7 22. Bg3 Qe7 23. Bh2 Nd7 24. c5 Ne8 25. Qxb7 1-0

[Event "Top Loire 2015-2016"]
[Site "Loire"]
[Date "2016.04.30"]
[Round "6.8"]
[White "Doran, Niall"]
[Black "Carrot, Patrick"]
[Result "1-0"]
[WhiteElo "1691"]
[BlackElo "1780"]
[EventDate "2016.??.??"]
[PlyCount "51"]

1. e4 e5 2. Nf3 Nc6 3. Nc3 Nf6 4. Bc4 Bc5 5. d3 h6 6. Be3 Bb6 7. O-O d6 8.
 h3 Na5 9. Bb3 Nxb3 10. axb3 Bd7 11. Qd2 c5 12. Nh2 Be6 13. f4 exf4 14. 
Rxf4 d5 15. exd5 Nxd5 16. Nxd5 Bxd5 17. Ng4 Bc7 18. Bxc5 Bxf4 19. Re1+ Be6
20. Qxf4 Qd5 21. Bd4 O-O-O 22. Bxa7 h5 23. Ne5 Rh6 24. Ra1 f6 25. Nc4 Qc6 
26. Nb6+ 1-0

[Event "Top Loire 2015-2016"]
[Site "Loire"]
[Date "2016.05.21"]
[Round "7.1"]
[White "Philip, Sylvain"]
[Black "Muller, Anthony"]
[Result "0-1"]
[WhiteElo "1728"]
[BlackElo "2238"]
[EventDate "2016.??.??"]
[PlyCount "124"]

1. e4 e6 2. d4 d5 3. Nc3 Nf6 4. Bg5 Bb4 5. e5 h6 6. Bh4 g5 7. Bg3 Ne4 8. 
Ne2 c5 9. a3 Nxc3 10. Nxc3 Bxc3+ 11. bxc3 Qa5 12. Qd2 Bd7 13. h4 Rg8 14. 
hxg5 hxg5 15. dxc5 Qxc5 16. Qd4 Qa5 17. Qb4 Nc6 18. Qxa5 Nxa5 19. f4 O-O-O
20. fxg5 Rxg5 21. Bf4 Rgg8 22. Rh7 Rdf8 23. O-O-O Rh8 24. Rg7 Be8 25. Bg5 
Rfg8 26. Rxg8 Rxg8 27. Bf6 Bc6 28. Rd4 a6 29. g4 Bb5 30. Bxb5 axb5 31. a4 
bxa4 32. Rxa4 b6 33. g5 Kb7 34. Rh4 Rc8 35. Rh7 Rc7 36. Kd2 Kc6 37. Rh8 
Nb7 38. Rf8 Nc5 39. Re8 Kb5 40. Re7 Rxe7 41. Bxe7 Kc4 42. Bd8 Ne4+ 43. Ke3
b5 44. Ba5 Nxg5 45. Kf4 Ne4 46. Kg4 Nxc3 47. Kg5 Ne4+ 48. Kh6 f5 49. exf6 
Nxf6 50. Kg5 Nd7 51. Kf4 e5+ 52. Ke3 b4 53. Kd2 d4 54. Bc7 e4 55. Bf4 Nc5 
56. Bg3 b3 57. cxb3+ Nxb3+ 58. Ke2 d3+ 59. Kd1 e3 60. Bf4 e2+ 61. Ke1 Nd4 
62. Bd2 Nf3+ 0-1

[Event "Top Loire 2015-2016"]
[Site "Loire"]
[Date "2016.05.21"]
[Round "7.3"]
[White "Deville, Olivier"]
[Black "Frey, Thierry"]
[Result "0-1"]
[WhiteElo "1872"]
[BlackElo "1882"]
[EventDate "2016.??.??"]
[PlyCount "52"]

1. c4 Nf6 2. Nf3 g6 3. Nc3 Bg7 4. e4 d6 5. d4 O-O 6. Be2 e5 7. O-O Nc6 8. 
d5 Ne7 9. b4 Nd7 10. Nd2 f5 11. f3 Nf6 12. Nb3 f4 13. c5 g5 14. g4 h5 15. 
h3 Ng6 16. a4 hxg4 17. hxg4 Kf7 18. Rf2 Rh8 19. Bf1 Rh4 20. Rh2 Rxh2 21. 
Kxh2 Qh8+ 22. Kg1 Qh4 23. Ra2 Nxg4 24. fxg4 Bxg4 25. Be2 Qg3+ 26. Kf1 Bh3#
0-1

[Event "Top Loire 2015-2016"]
[Site "Loire"]
[Date "2016.05.21"]
[Round "7.4"]
[White "Cursoux, Gerard"]
[Black "Garon, Pierre"]
[Result "1-0"]
[WhiteElo "1788"]
[BlackElo "1844"]
[EventDate "2016.??.??"]
[PlyCount "40"]

1. e4 Nf6 2. e5 Nd5 3. d4 d6 4. Nf3 Bg4 5. Be2 e6 6. O-O c6 7. c4 Ne7 8. 
exd6 Qxd6 9. Nc3 Ng6 10. Ne4 Qc7 11. h3 Bxf3 12. Bxf3 Be7 13. Be3 O-O 14. 
Qb3 Nd7 15. Rfd1 f5 16. Nc3 f4 17. Bc1 Qb6 18. Bg4 Kf7 19. Re1 Qxd4 20. 
Bxe6+ Ke8 1-0

[Event "Top Loire 2015-2016"]
[Site "Loire"]
[Date "2016.05.21"]
[Round "7.6"]
[White "Imperiali, Joris"]
[Black "Andre, Gregory"]
[Result "1-0"]
[WhiteElo "1727"]
[BlackElo "1793"]
[EventDate "2016.??.??"]
[PlyCount "43"]

1. e4 e6 2. Nf3 b6 3. d4 Bb7 4. Bd3 d6 5. O-O Nf6 6. Re1 Nbd7 7. c4 Be7 8.
 e5 dxe5 9. dxe5 Ng4 10. Bf4 Bc5 11. Bg3 Bb4 12. Be4 Bxe1 13. Bxb7 Nc5 14.
 Bc6+ Ke7 15. Qxe1 Rb8 16. Nc3 Qd3 17. Rd1 Qc2 18. Rd2 Qxd2 19. Qxd2 Rbd8 
20. Qg5+ Nf6 21. Qxg7 Nfe4 22. Bh4+ 1-0

[Event "Top Loire 2015-2016"]
[Site "Loire"]
[Date "2016.05.21"]
[Round "7.7"]
[White "Carteron, Olivier"]
[Black "Allabrune, Guillaume"]
[Result "1-0"]
[WhiteElo "1585"]
[BlackElo "1568"]
[EventDate "2016.??.??"]
[PlyCount "65"]

1. d4 d5 2. Nf3 Nf6 3. c4 c6 4. Nc3 dxc4 5. a4 Bf5 6. Nh4 e6 7. Nxf5 exf5 
8. Bg5 Bb4 9. Bxf6 Qxf6 10. e3 b5 11. axb5 cxb5 12. Be2 a5 13. O-O Bxc3 
14. bxc3 Nc6 15. Qb1 Rb8 16. Bf3 Ne7 17. Rxa5 Qb6 18. Qb4 O-O 19. Rb1 Nc6 
20. Bxc6 Qxc6 21. Rxb5 Rxb5 22. Qxb5 Qxb5 23. Rxb5 Ra8 24. g3 g6 25. Rc5 
Ra4 26. Kg2 Kf8 27. h4 h5 28. Kf3 Ke7 29. e4 fxe4+ 30. Kxe4 Kd6 31. f4 f5+
32. Ke3 Ra1 33. Rxc4 1-0

[Event "Top Loire 2015-2016"]
[Site "Loire"]
[Date "2016.05.21"]
[Round "7.8"]
[White "Carrot, Patrick"]
[Black "Bourrat, Nicolas"]
[Result "1-0"]
[WhiteElo "1780"]
[BlackElo "1715"]
[EventDate "2016.??.??"]
[PlyCount "66"]

1. e4 e6 2. d4 d5 3. Nd2 dxe4 4. Nxe4 Nf6 5. Bd3 Nbd7 6. Be3 Be7 7. Nf3 b6
8. O-O Bb7 9. Nxf6+ Bxf6 10. c3 O-O 11. Re1 e5 12. Nxe5 Nxe5 13. dxe5 Bxe5
14. Bxh7+ Kxh7 15. Qh5+ Kg8 16. Qxe5 Re8 17. Qf4 Qd5 18. f3 c5 19. Red1 
Qe6 20. Bf2 Rad8 21. Rxd8 Rxd8 22. a4 Qb3 23. Qc1 a5 24. h3 Bc6 25. Bg3 
Bxa4 26. Bc7 Rd7 27. Bxb6 Qxb6 28. Rxa4 Qb3 29. Qf4 Qxb2 30. Rxa5 Qb6 31. 
Ra8+ Rd8 32. Rxd8+ Qxd8 33. Qe5 Qc8 1-0